Úrokové sadzby na peňažnom a kapitálovom trhu

Úroková sadzba plní v ekonomike dôležitú signálnu úlohu. Na výšku úrokovej sadzby pôsobí viacero determinantov, dva základné determinanty sú: 1.Inflácia - nominálne úrokové sadzby musia mať v sebe zakomponovanú tzv. inflačnú prémiu, ktorá odzrkadľuje investorom očakávanú mieru inflácie (aplikácia Fi...

Descrizione completa

Salvato in:
Dettagli Bibliografici
Autore principale: Chovancová, Božena
Altri autori: Kukliš, V.
Natura: Capitolo di libro
Lingua:slovacco
inglese
Soggetti:
Tags: Aggiungi Tag
Nessun Tag, puoi essere il primo ad aggiungerne!!

MARC

LEADER 00000naa a2200000 4500
001 r027456
005 20221129123304.9
041 0 |a slo 
041 0 |a eng 
044 |a SK 
245 1 0 |a Úrokové sadzby na peňažnom a kapitálovom trhu  |c B. Chovancová, V. Kukliš 
520 |a Úroková sadzba plní v ekonomike dôležitú signálnu úlohu. Na výšku úrokovej sadzby pôsobí viacero determinantov, dva základné determinanty sú: 1.Inflácia - nominálne úrokové sadzby musia mať v sebe zakomponovanú tzv. inflačnú prémiu, ktorá odzrkadľuje investorom očakávanú mieru inflácie (aplikácia Fisherovej teórie). 2.Hospodársky cyklus - každý hospodársky cyklus má svoje fázy, pričom úrokové sadzby majú tendenciu pohybovať sa zároveň s nimi. 
610 2 0 |a sadzby úrokové 
610 2 0 |a trh peňažný 
610 2 0 |a trh kapitálový 
610 2 0 |a inflácia 
610 2 0 |a cykly hospodárske 
610 2 0 |a Slovensko 
100 1 |a Chovancová, Božena 
700 1 |a Kukliš, V.